1650 1382 1577 1511 1641 1747 1801 1006 1277 1351 1928 1218 1219 1366 1517 1709 1522 1534 1756 1198 1096 1722 1117 1663 1571 1453 1520 1062 1683 1333 1692 1366 1133 1313 1947 1286 1456 1940 1737 1970 1615 1806 1093 1875 1297 1976 1249 1203 1242 1272 1027 1231 1567 1057 1772 1612 1449 1523 1285 1318 1605 1572 1636 1237 1291 1066 1068 1803 1468 1940 1888 1628 1969 1880 1548 1837 1492 1007 1183 1005 1754 1794 1370 1457 1458 1078 1949 1683 1856 1170 1761 1556 1415 1379 1808 1073 1457 1383 1464 BCNSPRNW ULIB Ver.6.0+V

เปลี่ยนเป็นภาษาไทย

Change to English
 แสดงรายละเอียดบรรณานุกรม
  กลับหน้าหลัก

Brief Record : Get Marc (ISO 2709) : E-mail record : QR code < ปิดหน้าต่าง
LEADER : 00000nam 2200000uu 4500
001    13399120247
003     ULIB
008    120917s2553||||th 000 0 tha d
020    ^a9789747089264
060  4 ^aWY161 ^bน146ก 2553
100 0  ^aนงเยาว์ สมพิทยานุรักษ์,^cพ.ต.อ. หญิง
245 00 ^aการพยาบาลผู้ป่วยที่ได้รับการผ่าตัด/^cนงเยาว์ สมพิทยานุรักษ์
250    ^aพิมพ์ครั้งที่ 1
260    ^aกรุงเทพฯ:^bโรงพิมพ์แก่งจุฬาลงกรณ์มหาวิทยาลัย,^c2553
300    ^a188 หน้า:^bภาพประกอบ;^cซม.
650  7 ^aการพยาบาลศัลยศาสตร์
650  7 ^aศัลยกรรม
650  7 ^aผู้ป่วยผ่าตัด^xการพยาบาล
945    ^p100^l0^i16875
945    ^p100^l0^i16873
999    ^aวิภา
รายการนี้ยังไม่มีแท็ก
คุณยังไม่ได้ล็อกอิน คุณสามารถมีกิจกรรมร่วมกับเว็บไซต์ได้ แต่ต้องล็อกอินก่อน ::
  ล็อกอิน

รายการสื่อสารสนเทศ

ลำดับที่ ประเภท เลขเรียก/บาร์โค้ด สถานที่ สถานะ
1. วิทยาศาสตร์การแพทย์ และสุขภาพ
วิทยาศาสตร์การแพทย์ และสุขภาพ
WY161 น146ก 2553  
  Barcode: 16875
ห้องสมุดวิทยาเขตนครสวรรค์
►ส่วนจัดเก็บหนังสือเก่า นว.
บนชั้น
  ขอยืม
2. วิทยาศาสตร์การแพทย์ และสุขภาพ
วิทยาศาสตร์การแพทย์ และสุขภาพ
WY161 น146ก 2553 ฉ.2 
  Barcode: 16873
ห้องสมุดวิทยาเขตนครสวรรค์
►ส่วนจัดเก็บหนังสือเก่า นว.
บนชั้น
  ขอยืม

รายการใกล้เคียง
    หัวเรื่อง [การพยาบาลศัลยศาสตร์]
    หัวเรื่อง [ศัลยกรรม]

BibComment


ยังไม่เคยถูกคอมเมนท์

คอมเมนท์ทรัพยากรรายการนี้
  คอมเมนท์: การพยาบาลผู้ป่วย..


 Copyright 2026. Bcnsprnw @Library